Guía de productos fitosanitarios : para la Republica Argentina /

Guardado en:
Autor Principal: CropLife, 2003.
Formato: Libro
Idioma:Undetermined
Publicado: Buenos Aires : CropLife, 2003.
Edición:1era ed.
Materias:
Etiquetas: Agregar Etiqueta
Sin Etiquetas, Sea el primero en etiquetar este registro!
LEADER 00699nam a22002055a 4500
001 CEM.cems025245
008 260630s2003####ag############000#0#und#d
005 20260630091501.0
245 1 0 |a Guía de productos fitosanitarios :  |b para la Republica Argentina /  |c CropLife. 
250 |a 1era ed. 
260 |a Buenos Aires :  |b CropLife,  |c 2003. 
300 |a 791 p. :  |b tablas ;  |c 20 cm. 
020 |a 9879942477 
100 1 |a CropLife,  |d 2003. 
653 |a Guía fitosanitaria 
653 |a Productos Fitosanitarios 
653 |a Plagas 
653 |a Herbicidas 
859 |a CEMS  |b BIB. CEMS - Agricultura  |h 632  |i C142003  |p A4212.26  |t Ej.1  |v I  |3 I 
859 |a CEMS  |b BIB. CEMS - Agricultura  |h 632  |i C142003  |p A4213.26  |t Ej.1  |v II  |3 II